| 000 | 00544nam a2200205 i 4500 | ||
|---|---|---|---|
| 001 | bgj | ||
| 100 | 1 | _aKUNICZAK, W. S. | |
| 245 | 1 | 0 |
_aValedictory / _cW.S. Kuniczak. |
| 260 |
_aGarden City, NY : _bDoubleday and Company, _c1983. |
||
| 300 |
_a389 pp ; _c22 cm. |
||
| 650 | 9 | _aWorld War, 1939-1945 | |
| 651 | 9 |
_aGreat Britain _xHistory |
|
| 655 | _aFiction | ||
| 020 | _a0385152671 (hbk, jacket) | ||
| 040 | _cBPK | ||
| 041 | 0 | _aeng | |
| 920 | _a0-385-15267-1 (hbk, jacket) | ||
| 942 | _cKS | ||
| 008 | s uk f |000 0 eng | ||
| 999 |
_c47259 _d47259 |
||
| 856 |
_uhttp://koha.tu.koszalin.pl/cgi-bin/koha/opac-detail.pl?biblionumber=47259 _yKatalog online BPK |
||